<?xml version="1.0" encoding="UTF-8"?><?xml-stylesheet type="text/xsl" href="static/style.xsl"?><OAI-PMH xmlns="http://www.openarchives.org/OAI/2.0/" xmlns:xsi="http://www.w3.org/2001/XMLSchema-instance" xsi:schemaLocation="http://www.openarchives.org/OAI/2.0/ http://www.openarchives.org/OAI/2.0/OAI-PMH.xsd"><responseDate>2026-04-17T07:39:40Z</responseDate><request verb="GetRecord" identifier="oai:www.recercat.cat:2072/437651" metadataPrefix="marc">https://recercat.cat/oai/request</request><GetRecord><record><header><identifier>oai:recercat.cat:2072/437651</identifier><datestamp>2024-10-31T03:24:07Z</datestamp><setSpec>com_2072_98</setSpec><setSpec>col_2072_378192</setSpec></header><metadata><record xmlns="http://www.loc.gov/MARC21/slim" xmlns:dcterms="http://purl.org/dc/terms/" xmlns:xsi="http://www.w3.org/2001/XMLSchema-instance" xmlns:doc="http://www.lyncode.com/xoai" xsi:schemaLocation="http://www.loc.gov/MARC21/slim http://www.loc.gov/standards/marcxml/schema/MARC21slim.xsd">
   <leader>00925njm 22002777a 4500</leader>
   <datafield ind2=" " ind1=" " tag="042">
      <subfield code="a">dc</subfield>
   </datafield>
   <datafield ind2=" " ind1=" " tag="720">
      <subfield code="a">Akbulut, Bengi</subfield>
      <subfield code="e">author</subfield>
   </datafield>
   <datafield ind2=" " ind1=" " tag="720">
      <subfield code="a">Demaria, Federico</subfield>
      <subfield code="e">author</subfield>
   </datafield>
   <datafield ind2=" " ind1=" " tag="720">
      <subfield code="a">Gerber, Julien-Francois</subfield>
      <subfield code="e">author</subfield>
   </datafield>
   <datafield ind2=" " ind1=" " tag="720">
      <subfield code="a">Martínez Alier, Joan</subfield>
      <subfield code="e">author</subfield>
   </datafield>
   <datafield ind2=" " ind1=" " tag="260">
      <subfield code="c">2019</subfield>
   </datafield>
   <datafield ind2=" " ind1=" " tag="520">
      <subfield code="a">Unidad de excelencia María de Maeztu MdM-2015-0552</subfield>
   </datafield>
   <datafield ind2=" " ind1=" " tag="520">
      <subfield code="a">Environmental destructions, overconsumption and overdevelopment are felt by an increasing number of people. Voices for 'prosperity without growth' have strengthened and environmental conflicts are on the rise worldwide. This introduction to the special issue explores the possibility of an alliance between post-growth and ecological distribution conflicts (EDCs). It argues that among the various branches of post-growth and EDCs, degrowth and environmental justice (EJ) movements have the best potential to interconnect. This claim is discussed via five 'theses': We argue that both degrowth and EJ movements are materialist but also more than just materialist in scope (thesis I) and both seek a politico-metabolic reconfiguration of our economies (thesis II). We also show that both degrowth and EJ seek consequential as well as deontological justice (thesis III) and they are complementary: while EJ has not developed a unified and broader theoretical roadmap, degrowth has largely failed to connect with a wider social movement (thesis IV). Finally, both degrowth and EJ stress the contradiction between capitalist accumulation vs. conditions of social reproduction (rather than that between capital and labour) (thesis V). We conclude that an alliance between degrowth and EJ is not only possible but necessary.</subfield>
   </datafield>
   <datafield tag="653" ind2=" " ind1=" ">
      <subfield code="a">Post-growth</subfield>
   </datafield>
   <datafield tag="653" ind2=" " ind1=" ">
      <subfield code="a">Environmental conflicts</subfield>
   </datafield>
   <datafield tag="653" ind2=" " ind1=" ">
      <subfield code="a">Ecological distribution conflict</subfield>
   </datafield>
   <datafield tag="653" ind2=" " ind1=" ">
      <subfield code="a">Environmental politics</subfield>
   </datafield>
   <datafield ind2="0" ind1="0" tag="245">
      <subfield code="a">Who promotes sustainability? Five theses on the relationships between the degrowth and the environmental justice movements</subfield>
   </datafield>
</record></metadata></record></GetRecord></OAI-PMH>